Wymień wszystkich mistrzów Bundesligi - Statystyki

Ogólne statystyki
  • Ten quiz został rozwiązany 755 razy
  • Średni wynik to 7 z 13
Statystyki odpowiedzi
Miejsce Drużyna Liczba mistrzostw % Poprawnych
9 Bayer 04 Leverkusen 1
100%
1 Bayern Monachium 33
99%
2 Borussia Dortmund 5
97%
2 Borussia Mönchengladbach 5
83%
5 Hamburger SV 3
51%
9 VfL Wolfsburg 1
51%
4 Werder Brema 4
44%
5 VfB Stuttgart 3
41%
7 1. FC Köln 2
38%
9 Eintracht Brunszwik 1
31%
7 1. FC Kaiserslautern 2
22%
9 TSV 1860 Monachium 1
15%
9 1. FC Nürnberg 1
14%
Nie znaleziono quizów pasujących do podanych kryteriów
Rozkład punktacji
Procent ludzi z każdym wynikiem
Percentyl według liczby udzielonych odpowiedzi
Twoja historia wyników
Nie rozwiązałeś tego quizu